000 02163cam a2200565Mc 4500
003 PE-LiUPU
005 20250731172850.0
008 150831s2015 inu 000 0 eng d
020 _a1575064138
020 _a1575064146
020 _a9781575064130
_9978-1-57506-413-0
020 _a9781575064147
_9978-1-57506-414-7
035 _a(Sirsi) i9781575064130
040 _aGBVCP
_bspa
_erakwb
_cGBVCP
_dOCLCO
_dPE-LiUPU
_erda
049 _aPRUA
082 0 0 _a221.67
_bE2
_223
245 0 4 _aThe economy of ancient Judah in its historical context /
_cEdited by Marvin Lloyd Miller, Ehud Ben Zvi, and Gary N. Knoppers.
264 3 _aWinona Lake, Indiana :
_bEisenbrauns,
_c2015.
300 _axii, 276 páginas ;
_c23 centímetros.
336 _atext
_2rdacontent
337 _aunmediated
_2rdamedia
338 _avolume
_2rdacarrier
504 _aBibliografía : páginas 259-264.
504 _aIndice : páginas 265-276.
505 0 _aPart 1 introduction -- Part 2 economic indications from the hebrew bible -- Part 3 economic indication from other literary sources -- Part 4 economic indication from archaeology.
526 _aSEG42
526 _aSEG41
526 _aSEG40
526 _aSEG39
526 _aP94
526 _aP87
526 _aP86
526 _aP85
526 _aP77
526 _aP76
526 _aP35
541 _29.70,
630 0 0 _aBiblia.
_pAntiguo Testamento
_xCrisrtianismo, interpretación, etc.
650 0 _aAspectos económicos en la Biblia.
650 0 _aCapitalistas y financieros
_enseñanza bíblica.
700 1 _aBen Zvi, Ehud,
_eeditor.
700 1 _aKnoppers, Gary N.,
_eeditor.
700 1 _aMiller, Marvin Lloyd,
_eeditor.
910 _jck
_bhop
_chop
_d20160607
942 _2ddc
_cBOOK
949 _a221.67 E2
_wDEWEY
_c1
_i73259
_lCCODEBUL1
_mBUL
_p29.70
_r0
_sY
_tBOOK
_u2016-6-7
_xTEOLOGIA
_PP85
_0COMPRA
_o.STAFF. Posgrado
994 _aC0
_bPEPRU
596 _a1
999 _a221.67 E2
_wDEWEY
_c9801
_i73259
_f2021-11-9
_g5
_lCCODEBUL1
_mBUL
_p29.70
_r0
_sY
_tBOOK
_u2016-6-7
_xTEOLOGIA
_PP85
_0COMPRA
_o.STAFF. Posgrado
_d9801
980 _81
_gALBERTO SANCHEZ Responsable de Automatización